[Event "EU-chT U18 Girls 2nd"]
[White "L'Ami, Alina"]
[Black "Orel, Karmen"]
[Site "Balatonlelle"]
[Round "1"]
[Result "1-0"]
[Date "2001.06.22"]
[WhiteElo "2191"]
[BlackElo "2021"]
[PlyCount "67"]
[EventDate "2001.06.22"]
[EventType "team-swiss"]
[EventRounds "7"]
[EventCountry "HUN"]
[SourceTitle "EXT 2020"]
[Source "ChessBase"]
[SourceDate "2019.10.17"]
[SourceVersion "1"]
[SourceVersionDate "2019.10.17"]
[SourceQuality "1"]
[WhiteTeam "Romania U18 (W)"]
[BlackTeam "Slovenia U18 (W) II"]
[WhiteTeamCountry "ROU"]
[BlackTeamCountry "SLO"]

1. d4 d5 2. c4 e6 3. Nc3 Nf6 4. cxd5 exd5 5. Bg5 Be7 6. Qc2 c6 7. e3 0-0 8. Bd3 Nbd7 9. Nf3 Re8 10. 0-0-0 b5 11. g4 Nf8 12. Ne5 Qb6 13. Nxc6 Qxc6 14. Bxb5 Qe6 15. Bxe8 Nxe8 16. Bxe7 Qxe7 17. Nxd5 Qb7 18. Qe4 Nd6 19. Ne7+ Kh8 20. Qxb7 Bxb7 21. d5 Re8 22. Nc6 Ne4 23. Rd4 Nd7 24. Ra4 a6 25. Rf1 Nef6 26. Rb4 Nc5 27. Rd1 Nfe4 28. Rb6 Nxf2 29. Rf1 Nxg4 30. b4 Bxc6 31. dxc6 Nd3+ 32. Kb1 Nxe3 33. c7 Nxf1 34. Rb8 1-0

[Event "Bled op 22nd"]
[White "Loncar, Robert"]
[Black "Orel, Karmen"]
[Site "Bled"]
[Round "1"]
[Result "1-0"]
[Date "2001.03.24"]
[WhiteElo "2401"]
[BlackElo "2082"]
[PlyCount "71"]
[EventDate "2001.03.24"]
[EventType "swiss"]
[EventRounds "9"]
[EventCountry "SLO"]
[SourceTitle "CBM 081 Extra"]
[Source "ChessBase"]
[SourceDate "2001.05.06"]
[SourceVersion "1"]
[SourceVersionDate "2001.05.06"]
[SourceQuality "1"]

1. d4 d5 2. c4 e6 3. Nf3 Nf6 4. Bg5 Be7 5. e3 0-0 6. Nc3 Nbd7 7. cxd5 exd5 8. Bd3 Re8 9. Qc2 Nf8 10. 0-0 c6 11. Rae1 Ne4 12. Bxe7 Qxe7 13. Bxe4 dxe4 14. Nd2 f5 15. f3 exf3 16. Nxf3 Be6 17. e4 fxe4 18. Rxe4 Qd7 19. Rfe1 Rad8 20. Qe2 Qc8 21. Ng5 Bd7 22. Qc4+ Re6 23. Nxe6 Bxe6 24. Rxe6 Nxe6 25. Rxe6 Kh8 26. d5 Rxd5 27. Qe2 Rd8 28. Qe5 Qb8 29. Qxb8 Rxb8 30. Re7 a5 31. Kf2 c5 32. Na4 c4 33. Nb6 Kg8 34. Nxc4 b6 35. Nd6 Ra8 36. Re8+ 1-0

[Event "SLO-ch U20 Girls"]
[White "Orel, Karmen"]
[Black "Rozic, Vesna"]
[Site "Kranj"]
[Round "5"]
[Result "0-1"]
[Date "2001.??.??"]
[WhiteElo "2082"]
[BlackElo "2083"]
[PlyCount "132"]
[EventDate "2001.01.06"]
[EventType "swiss"]
[EventRounds "9"]
[EventCountry "SLO"]
[SourceTitle "CBM 080 Extra"]
[Source "ChessBase"]
[SourceDate "2001.03.08"]
[SourceVersion "1"]
[SourceVersionDate "2001.03.08"]
[SourceQuality "1"]

1. e4 e6 2. d4 d5 3. Nc3 dxe4 4. Nxe4 Nd7 5. Nf3 Ngf6 6. Ng3 Be7 7. Bc4 0-0 8. 0-0 c5 9. c3 Qc7 10. Qe2 Nb6 11. Bb3 Bd7 12. Bg5 Nfd5 13. Bxe7 Nxe7 14. Rfe1 Rad8 15. dxc5 Qxc5 16. Ne4 Qc7 17. Rad1 Ng6 18. Rd4 Bc6 19. Rxd8 Rxd8 20. Nd4 Nd5 21. Nxc6 Qxc6 22. Rd1 Rd7 23. Rd4 Ndf4 24. Qc4 Rxd4 25. Qxc6 bxc6 26. cxd4 Ne2+ 27. Kf1 Nxd4 28. Bc4 Kf8 29. Nd6 Ne7 30. Ba6 Ndf5 31. Ne4 Ke8 32. Ke2 f6 33. f4 Kd7 34. g3 Nd5 35. a3 Nd6 36. Nc5+ Ke7 37. Bd3 h6 38. Kf3 Nb6 39. b3 Nd7 40. Na6 e5 41. Bc2 Nb5 42. Be4 Kd6 43. Kg4 Nxa3 44. Kf5 exf4 45. gxf4 Nf8 46. b4 Nc4 47. Bd3 Ne3+ 48. Ke4 Nd5 49. f5 Nd7 50. Kd4 Nxb4 51. Nxb4 c5+ 52. Kc4 cxb4 53. Kxb4 Nc5 54. Bc2 a5+ 55. Kxa5 Ke5 56. Kb5 Ne4 57. Kc6 Nd6 58. Kd7 Nxf5 59. Ke8 g5 60. Kf7 Nd4 61. Bd1 f5 62. Kg6 f4 63. Kxh6 f3 64. Bxf3 Nxf3 65. Kh5 Kf4 66. Kg6 Nxh2 0-1